000 00693nam a2200289Ia 4500
005 20260324141919.0
008 008 260324s9999 xx 000 0 eng d
020 _a9781315251172
037 _aEBOOK
040 _aCRL
040 _beng
040 _cCRL
041 _2eng
041 _aeng
084 _qCRL
100 _aJanel Mueller
_91209992
245 0 _aKatherine Parr
245 0 _bPrinted Writings 1500–1640: Series 1, Part One, Volume 3
260 _bTaylor and Francis
260 _c1996
365 _a
365 _b59.99
856 _uhttp://www.taylorfrancis.com/books/9781315251172
942 _cEBOOK
999 _c1813583
_d1813583